Southville International School and Colleges
Your cart is empty.
  • Cart
  • Lists
    Public lists Eva Luna New books Lux_list list_1
    Your lists Log in to create your own lists
  • Log in to your account
  • Your cookies
  • Search history
Southville International School and Colleges
  • Advanced search
  • Recent comments
  • Most popular
  • Libraries

Log in to your account

Log in with GOOGLE


If you do not have an external account, but do have a local account, you can still log in:

  1. Home
  2. MARC view: Bo and Rose /
Normal view MARC view ISBD view

Bo and Rose / (Record no. 355815)

[ view plain ]
MARC details
000 -LEADER
fixed length control field 00542nam a2200205Ia 4500
008 - FIXED-LENGTH DATA ELEMENTS--GENERAL INFORMATION
fixed length control field 180207s9999 xx 000 0 und d
020 ## - INTERNATIONAL STANDARD BOOK NUMBER
International Standard Book Number 9780886798620
050 ## - LIBRARY OF CONGRESS CALL NUMBER
Item number C986 1990
100 ## - MAIN ENTRY--PERSONAL NAME
Personal name Cushman, Sheila
245 ## - TITLE STATEMENT
Title Bo and Rose /
245 ## - TITLE STATEMENT
Statement of responsibility, etc by Sheila Cushman and Rona Kornblum ; illustrated by Llyn Hunter.
260 ## - PUBLICATION, DISTRIBUTION, ETC. (IMPRINT)
Place of publication, distribution, etc UK :
260 ## - PUBLICATION, DISTRIBUTION, ETC. (IMPRINT)
Name of publisher, distributor, etc Educational Insights,
260 ## - PUBLICATION, DISTRIBUTION, ETC. (IMPRINT)
Date of publication, distribution, etc 1990
300 ## - PHYSICAL DESCRIPTION
Extent 9 pages :
300 ## - PHYSICAL DESCRIPTION
Other physical details color illustrations ;
300 ## - PHYSICAL DESCRIPTION
Dimensions 17cm.
440 ## - SERIES STATEMENT/ADDED ENTRY--TITLE
Title Phonics readers : long vowels ;
440 ## - SERIES STATEMENT/ADDED ENTRY--TITLE
Volume number/sequential designation 7
Holdings
Withdrawn status Lost status Damaged status Home library Current library Date acquired Total Checkouts Full call number Barcode Date last seen Price effective from Koha item type
      Stonyhurst Southville International School (Malarayat) Stonyhurst Southville International School (Malarayat) 02/07/2018   ER C986 1990 SSISM5360 02/07/2018 02/07/2018 Books

Bo and Rose /

APA

Cushman S., .Bo and Rose. UK: .

Chicago

Cushman Sheila, .Bo and Rose. UK: .

Harvard

Cushman S., .Bo and Rose. UK: .

MLA

Cushman Sheila, .UK: . .

  • Place hold
  • Print
  • Cite
  • Add to your cart (remove)
  • Save record
    BIBTEX Dublin Core MARCXML MARC (non-Unicode/MARC-8) MARC (Unicode/UTF-8) MARC (Unicode/UTF-8, Standard) MODS (XML) RIS
  • More searches
    Search for this title in:
    Other Libraries (WorldCat) Other Databases (Google Scholar) Online Stores (Bookfinder.com) Open Library (openlibrary.org)

Exporting to Dublin Core...

SOUTHVILLE LIBRARY

Southville International School and Colleges Library

1281 Tropical Ave. Cor. Luxembourg St., BF Homes International, Las Pinas City

Tel. No. 8256374 / 252358 Loc. 117/146

Powered by Koha